000 00472nam a22001697a 4500
999 _c7249
_d7249
003 GBCCL
005 20241126110623.0
008 180719b ||||| |||| 00| 0 eng d
040 _cgbc
082 _a224.1
_bMCG
100 _aMcGee, J. Vernon
_910893
245 _aIsaiah Vol. 1:
_bChapters 1-35 /
_cJ. Vernon McGee
260 _bThru the Bible Books,
_aCalifornia:
_c1978
300 _a222 p.;
_c20 cm.
650 _aBible
_vOld Testament
_xIsaiah
_97582
942 _2ddc
_cBK
_05